000 00199nam a2200085Ia 4500
008 230915s9999 xx 000 0 und d
050 _aQH541.5.P7.V47
245 0 _aEAST AFRICAN GRASSLAND
942 _cBK
999 _c191997
_d191997